000 00422nam a2200157 a 4500
001 61099
005 20180714062613.0
008 140415s2000 000 0 spa d
041 _aspa
082 _a325.32
_bLEN
100 1 _aLENIN, V.I.
245 1 3 _aEL IMPERIALISMO, FASE SUPERIOR DEL CAPITALISMO :
_b(ESBOZO POPULAR)
260 _a[s.l.] :
_bPROGRESO,
_c2000
300 _a130
650 1 4 _aECONOMIA
999 _c61099
_d61099